[Event "Olympiad Women 2024"]
[Site "Budapest HUN"]
[Date "2024.09.19"]
[Round "8.3"]
[Board "1"]
[White "Assaubayeva, Bibisara"]
[Black "Daulyte-Cornette, Deimante"]
[Result "1-0"]
[WhiteElo "2482"]
[BlackElo "2369"]
[PlyCount "85"]
[EventDate "2024.09.11"]
[WhiteTeam "Kazakhstan"]
[BlackTeam "France"]
[WhiteTeamCountry "KAZ"]
[BlackTeamCountry "FRA"]

1. e4 e5 2. Nf3 Nc6 3. Bc4 Nf6 4. Ng5 d5 5. exd5 Na5 6. Bb5+ c6 7. dxc6 bxc6 8. Bd3 Ng4 9. Nh3 Bc5 10. Be2 f5 11. d3 O-O 12. O-O h6 13. Kh1 $146 ({RR} 13. c3 Nb7 14. Nd2 Qc7 15. Nc4 Rd8 16. Ne3 Nf6 17. Kh1 f4 18. b4 Bf8 19. Nc2 g5 20. d4 e4 21. Ng1 Be6 22. f3 e3 23. Ne1 a5 24. Nd3 Nd5 25. Qc2 Qh7 26. c4 Ne7 27. Qc3 axb4 {0-1 Kayan,V (1864)-Atalik,S (2446) Novi Sad Vojvodina op 12th 2022 (4)}) ({RR} 13. c3 Nb7 14. Na3 Be6 15. Nc2 Qh4 16. d4 Bb6 17. dxe5 Rad8 18. Qe1 Bd5 19. Bxg4 fxg4 20. Nf4 Bc4 21. Ng6 Bxf2+ 22. Rxf2 Qxf2+ 23. Qxf2 Rd1+ 24. Ne1 Rxf2 25. Kxf2 Nc5 26. b3 Bf7 27. Nf4 Ne4+ {1-0 Golubev,M (2461)-Foerster-Yialamas,L (2189) Titled Tue 12th Dec Early 2023 (3)}) 13... Nb7 14. Nc3 Nd6 15. Na4 Nxf2+ 16. Nxf2 Bxf2 17. Rxf2 Qh4 18. Be3 Qxa4 19. Qd2 Qh4 20. Bc5 Rd8 21. Qc3 Qf6 22. a4 Be6 23. Qa3 Nc8 24. a5 Rd7 25. Bf3 Bd5 26. Raf1 g6 27. Qa4 Ne7 28. a6 Rb8 29. b4 Bxf3 30. Rxf3 Nd5 31. c4 Nf4 32. d4 Ne6 33. Qxc6 Rc7 34. Qd5 Rd8 35. Bd6 e4 36. Re3 Kh7 37. c5 Nxd4 38. Rxe4 Nb5 39. Re6 Qf7 40. Qe5 Rcd7 41. c6 Nc7 42. Bxc7 Rxc7 43. Re1 1-0

[Event "Olympiad Women 2024"]
[Site "Budapest HUN"]
[Date "2024.09.19"]
[Round "8.3"]
[Board "2"]
[White "Milliet, Sophie"]
[Black "Kamalidenova, Meruert"]
[Result "1-0"]
[WhiteElo "2348"]
[BlackElo "2352"]
[PlyCount "71"]
[EventDate "2024.09.11"]
[WhiteTeam "France"]
[BlackTeam "Kazakhstan"]
[WhiteTeamCountry "FRA"]
[BlackTeamCountry "KAZ"]

1. Nf3 Nf6 2. c4 g6 3. Nc3 Bg7 4. e4 e5 5. Nxe5 O-O 6. Bd3 Re8 7. Nf3 d5 8. cxd5 c6 9. O-O cxd5 10. e5 Nfd7 11. Bb5 d4 12. Nxd4 a6 13. Ba4 $146 ({RR} 13. Bxd7 Nxd7 14. Nf3 Nxe5 15. Nxe5 Bxe5 16. d3 Qh4 17. g3 Qh3 18. Qf3 Bxc3 19. bxc3 Qxf1+ 20. Kxf1 Bh3+ 21. Qg2 Bxg2+ 22. Kxg2 Re1 {0-1 Yoo,C (2455)-Dubov,D (2699) Titled Tuesday intern op 20th Oct blitz 2020 (9)}) 13... b5 14. Bb3 Nxe5 15. Nc2 Bg4 16. f3 Bf5 17. d4 Nd3 18. g4 Nxc1 19. Rxc1 Bxc2 20. Rxc2 Nc6 21. d5 Nd4 22. Rd2 Qg5 23. Kh1 Qe3 24. d6 Rad8 25. Rd3 Qf4 26. Nd5 Qe5 27. Qd2 Kf8 28. Nc7 Qe2 29. Rd1 Qxd2 30. R3xd2 Nxf3 31. Rf2 Re3 32. Rdf1 Rxb3 33. axb3 Ng5 34. h4 Ne4 35. Rxf7+ Kg8 36. Rxg7+ 1-0

[Event "Olympiad Women 2024"]
[Site "Budapest HUN"]
[Date "2024.09.19"]
[Round "8.3"]
[Board "3"]
[White "Nurman, Alua"]
[Black "Guichard, Pauline"]
[Result "1-0"]
[WhiteElo "2324"]
[BlackElo "2374"]
[PlyCount "95"]
[EventDate "2024.09.11"]
[WhiteTeam "Kazakhstan"]
[BlackTeam "France"]
[WhiteTeamCountry "KAZ"]
[BlackTeamCountry "FRA"]

1. e4 c6 2. d4 d5 3. e5 Bf5 4. h4 h5 5. Bd3 Bxd3 6. Qxd3 Qa5+ 7. c3 Qa6 ({RR} 7... e6 8. a4 c5 9. dxc5 Qxc5 10. Nf3 Qc7 11. Na3 Bxa3 12. Rxa3 Nd7 13. O-O Ne7 14. Re1 Rc8 15. Qd1 a6 16. Bg5 Ng6 17. a5 O-O 18. Ra4 Rce8 19. Rd4 Ndxe5 20. Nxe5 Nxe5 21. Bf4 f6 22. Qxh5 {1-0 Rapport,R (2720)-Carlsen,M (2830) GRENKE Chess Classic 2024 (1.2)}) 8. Qf3 e6 9. b4 b6 $146 ({RR} 9... Qb6 10. Ne2 a5 11. bxa5 Qxa5 12. a4 Ne7 13. Ng3 g6 14. O-O Nd7 15. Nd2 Qc7 16. Nb3 c5 17. Bg5 c4 18. Nd2 Nc6 19. Rfb1 Ra5 20. Ngf1 Be7 21. Ne3 Bxg5 22. hxg5 Ke7 23. Rb5 Rha8 24. Rab1 {1-0 Pichot,A (2637)-Ter Sahakyan,S (2605) chess.com SpeedChess Q1Sw 2022 (7)}) ({RR} 9... Qb6 10. a4 a5 11. bxa5 Rxa5 12. Ne2 Qa6 13. O-O Rxa4 14. Rxa4 Qxa4 15. Ng3 g6 16. Bg5 Nd7 17. Nd2 Bh6 18. Bxh6 Nxh6 19. c4 O-O 20. Qf4 Nf5 21. Nxf5 exf5 22. e6 fxe6 23. Qd6 Nf6 24. Qxe6+ {½-½ Daulyte-Cornette,D (2366)-Guichard,P (2361) ch-FRA w 2024 (4.5)}) ({RR} 9... Nh6 10. Bxh6 Rxh6 11. Ne2 Nd7 12. O-O Be7 13. g3 g5 14. hxg5 Bxg5 15. a4 Ke7 16. Na3 Rg8 17. c4 h4 18. b5 Qa5 19. Kg2 f6 20. bxc6 bxc6 21. cxd5 Qxd5 22. Qxd5 cxd5 23. f4 hxg3 24. fxg5 {1-0 Shimanov,A (2578)-Sowinski,P (2387) Titled Tue 26th Mar Early 2024 (11)}) 10. Ne2 c5 11. bxc5 bxc5 12. O-O Ne7 13. c4 Nbc6 14. cxd5 Nxd5 15. Nbc3 Rd8 16. Nxd5 Rxd5 17. dxc5 Nxe5 18. Qe4 f5 19. Qc2 Rxc5 20. Qb3 Kf7 21. Nf4 Be7 22. Qg3 Bf6 23. Rb1 Ng4 24. Qb3 Rhc8 25. Re1 Qc4 26. Qa3 Bd4 27. Be3 Bxe3 28. fxe3 Qc2 29. Nh3 R8c7 30. Rbd1 Qc3 31. Qa6 R5c6 32. Qe2 Qe5 33. Ng5+ Kg6 34. Nf3 Qg3 35. e4 Rc2 36. exf5+ Kh7 37. Ng5+ Kh6 38. Qxe6+ Nf6 39. Re2 Qxh4 40. Nh3 Rxe2 41. Qxe2 Qc4 42. Qd2+ Kh7 43. Ng5+ Kh8 44. Qd8+ Ng8 45. Qe8 Qc5+ 46. Kh1 Qe7 47. Qxh5+ Nh6 48. Qg6 1-0

[Event "Olympiad Women 2024"]
[Site "Budapest HUN"]
[Date "2024.09.19"]
[Round "8.3"]
[Board "4"]
[White "Benmesbah, Natacha"]
[Black "Kairbekova, Amina"]
[Result "1/2-1/2"]
[WhiteElo "2258"]
[BlackElo "2243"]
[PlyCount "130"]
[EventDate "2024.09.11"]
[WhiteTeam "France"]
[BlackTeam "Kazakhstan"]
[WhiteTeamCountry "FRA"]
[BlackTeamCountry "KAZ"]

1. e4 c5 2. Nf3 e6 3. Nc3 Nc6 4. Bb5 Nd4 5. O-O a6 6. Bd3 Nc6 7. Be2 Nd4 8. Bd3 Nc6 9. b3 Nge7 $146 ({RR} 9... g6 10. Re1 d6 11. Bb2 Bg7 12. Na4 e5 13. Nc3 Nge7 14. a4 O-O 15. Bc4 Nd4 16. Nxd4 cxd4 17. Nd5 Nc6 18. c3 Be6 19. cxd4 exd4 20. d3 Rb8 21. Rc1 Re8 22. h3 Kh8 23. Nf4 Bh6 24. Ne2 {0-1 Grischuk,A (2776)-Le,T (2514) Titled Tuesday intern op 29th June blitz 2021 (11)}) ({RR} 9... d6 10. Bb2 Nf6 11. Re1 g6 12. e5 Nxe5 13. Nxe5 dxe5 14. Rxe5 Bg7 15. Rxc5 Nd7 16. Rc4 Ne5 17. Ne2 Nf3+ 18. gxf3 Bxb2 19. Rb1 Bg7 20. a4 O-O 21. Re4 Bd7 22. Re3 e5 23. Be4 Rb8 24. c4 {0-1 Carlsen,M (2864)-Praggnanandhaa,R (2661) Miami FTX Crypto Cup rapid 2022 (7.5)}) ({RR} 9... g5 10. Bb2 Bg7 11. Na4 Bxb2 12. Nxb2 g4 13. Ne1 h5 14. c3 d5 15. Bc2 Nf6 16. Qe2 d4 17. e5 Nd5 18. f4 dxc3 19. dxc3 Nxc3 20. Qf2 Qd4 21. Ned3 b6 22. Nc4 Rb8 23. Nd6+ Ke7 24. Rae1 {0-1 Rosen,E (2374)-Hulka,V (2264) Titled Tue 30th Jul Early 2024 (11)}) ({RR} 9... g5 10. Bb2 Bg7 11. Na4 Bxb2 12. Nxb2 g4 13. Ne1 h5 14. Nc4 d5 15. exd5 exd5 16. Ne3 Nge7 17. f3 Qd6 18. fxg4 Bxg4 19. Nxg4 hxg4 20. g3 Ne5 21. Rf2 O-O-O 22. Bf1 f5 23. d4 cxd4 24. Qxd4 {1-0 Oparin,G (2676)-Altini,N (2370) Titled Tue 21st May Late 2024 (7)}) 10. Bb2 Ng6 11. Re1 d6 12. Bf1 Be7 13. d4 cxd4 14. Nxd4 O-O 15. a4 Qa5 16. Ncb5 Nxd4 17. Bxd4 Bd7 18. Na3 d5 19. exd5 exd5 20. c3 Bd6 21. Nc2 Rae8 22. Rxe8 Rxe8 23. Ne3 Be6 24. g3 Rc8 25. Bg2 Ne7 26. Qh5 f6 27. b4 Qd8 28. Nxd5 Nf5 29. Bb6 Qd7 30. Rd1 Qxa4 31. Be4 Bf8 32. Re1 Qd7 33. Nf4 g6 34. Qf3 Bf7 35. Bxb7 Qd2 36. Bxc8 Qxe1+ 37. Kg2 Bc4 38. h3 Nd6 39. Bd7 Ne4 40. Be6+ Bxe6 41. Nxe6 Be7 42. Nf4 Nxc3 43. Bd4 Nb5 44. Qd5+ Kf8 45. Ne6+ Ke8 46. Bc5 Qe5 47. Qc6+ Kf7 48. Nf4 Nc7 49. Kh2 Bxc5 50. bxc5 g5 51. Nd3 Qe7 52. Nb4 Qe5 53. Qd7+ Qe7 54. Qd4 Ne6 55. Qe4 Qxc5 56. Nd3 Qd4 57. Qxh7+ Ng7 58. Kg2 a5 59. h4 gxh4 60. Nf4 hxg3 61. Qg6+ Kf8 62. fxg3 Qd2+ 63. Kh3 Qd7+ 64. Kg2 Qf5 65. Qh6 a4 1/2-1/2

[Event "Olympiad Women 2024"]
[Site "Budapest HUN"]
[Date "2024.09.19"]
[Round "8.4"]
[Board "1"]
[White "Dzagnidze, Nana"]
[Black "Stefanova, Antoaneta"]
[Result "1/2-1/2"]
[WhiteElo "2508"]
[BlackElo "2416"]
[PlyCount "114"]
[EventDate "2024.09.11"]
[WhiteTeam "Georgia"]
[BlackTeam "Bulgaria"]
[WhiteTeamCountry "GEO"]
[BlackTeamCountry "BUL"]

1. d4 d5 2. c4 c6 3. Nf3 e6 4. Qc2 dxc4 5. Qxc4 Nf6 6. g3 b5 7. Qb3 ({RR} 7. Qd3 Bb7 8. Bg2 Nbd7 9. O-O a6 10. a4 c5 11. dxc5 Bxc5 12. axb5 Be4 13. Qb3 Bd5 14. Qd3 Be4 15. Qb3 Bd5 16. Qd3 {½-½ Graf,A (2646)-Lautier,J (2666) EU-chT (Men) 14th 2003 (5.1)}) ({RR} 7. Qd3 Bb7 8. Bg2 Nbd7 9. Bg5 Qb6 10. Nc3 a6 11. O-O Be7 12. e4 h6 13. Be3 c5 14. a3 Ng4 15. dxc5 Nxc5 16. Qd4 O-O 17. b4 Nxe3 18. Qxe3 Nd7 19. Nd4 Bf6 20. Rad1 Ne5 21. Nf5 Qxe3 {½-½ Stefanova,A (2478)-Fressinet,L (2636) Corus-B Wijk aan Zee 2004 (9)}) 7... a6 8. Bg2 c5 ({RR} 8... Bb7 9. O-O Nbd7 10. Ne5 Nxe5 11. dxe5 Nd7 12. f4 Be7 13. Be3 O-O 14. Nc3 Qc7 15. Rfd1 c5 16. Ne4 Bd5 17. Qc2 Rac8 18. g4 c4 19. Rac1 Nc5 20. Bd4 Qc6 21. Nxc5 Bxg2 22. b4 Bh3 23. e4 {½-½ Jiang,W-Yu,H (1468) Chinese Youth U12 2024 (8.19)}) 9. dxc5 Bxc5 $146 ({RR} 9... Bb7 10. O-O Nbd7 11. Rd1 Bd5 12. Qc2 Bxc5 13. Nc3 Rc8 14. Qd2 Bxf2+ 15. Kh1 Ba7 16. Qf4 Rc4 17. Qd6 Ng4 18. Qxa6 Nf2+ 19. Kg1 Nxd1+ 20. Qxa7 Nxc3 21. bxc3 O-O 22. Bd2 Ra4 {0-1 Nielsen,U (2385)-Hector,J (2515) Vejle 1994}) ({RR} 9... Bb7 10. Be3 Nbd7 11. c6 Bxc6 12. O-O Be7 13. Rc1 Rc8 14. Nbd2 O-O 15. Qd3 Nd5 16. Nb3 Nxe3 17. Qxe3 Bf6 18. Rab1 Bd5 19. Qa7 Ra8 20. Qe3 Nb6 21. Nfd2 Na4 22. Rc2 Bxg2 23. Kxg2 Rc8 24. Rbc1 {1-0 Schandorff,L (2505)-Rasmussen,K (2447) DEN-ch Silkeborg 2009 (4)}) ({RR} 9... Bb7 10. O-O Nbd7 11. Rd1 Bd5 12. Qc2 Bxc5 13. Nc3 Rc8 14. Qd3 Bc4 15. Qb1 Qb6 16. e3 Bb4 17. Bd2 O-O 18. b3 Bxc3 19. Bxc3 Bd5 20. Qb2 b4 21. Bd4 Qb7 22. Ne1 Bxg2 23. Nxg2 Rfe8 24. Qe2 {0-1 Donchenko,A (2460)-Hector,J (2509) Hamburg Junge op 2005 (9)}) 10. Nc3 Bb7 11. O-O Qb6 12. a4 Ne4 13. axb5 Bxf2+ 14. Kh1 Bc5 15. Nxe4 Bxe4 16. Ne5 Bxg2+ 17. Kxg2 Ra7 18. Nc4 Qb7+ 19. Rf3 O-O 20. Be3 Qxb5 21. Qxb5 axb5 22. Rxa7 Bxa7 23. Bxa7 bxc4 24. Rc3 Nc6 25. Bc5 Rb8 26. Rxc4 f5 27. Bd6 Na5 28. Rc5 Rb6 29. Rc8+ Kf7 30. Be5 Nc6 31. Rc7+ Ne7 32. Bd4 Rc6 33. Rb7 g5 34. b4 Ke8 35. Bc5 Nd5 36. Rxh7 Nf6 37. Re7+ Kd8 38. Ra7 Ne4 39. h4 Nxc5 40. bxc5 Ke8 41. Ra5 Kf7 42. Kf3 Kf6 43. Rb5 gxh4 44. gxh4 Rc8 45. e4 fxe4+ 46. Ke3 Ke5 47. h5 Kd5 48. Ra5 Rh8 49. c6+ Kxc6 50. Kxe4 Kd6 51. Kf4 Ke7 52. Rg5 Kf6 53. Rg6+ Kf7 54. Kg5 Rg8 55. Rxg8 Kxg8 56. Kf6 Kh7 57. Kxe6 Kh6 1/2-1/2

[Event "Olympiad Women 2024"]
[Site "Budapest HUN"]
[Date "2024.09.19"]
[Round "8.4"]
[Board "2"]
[White "Salimova, Nurgyul"]
[Black "Javakhishvili, Lela"]
[Result "1/2-1/2"]
[WhiteElo "2412"]
[BlackElo "2446"]
[PlyCount "118"]
[EventDate "2024.09.11"]
[WhiteTeam "Bulgaria"]
[BlackTeam "Georgia"]
[WhiteTeamCountry "BUL"]
[BlackTeamCountry "GEO"]

1. d4 {ChessBase II} Nf6 2. Nf3 d5 3. c4 e6 4. g3 Be7 5. Bg2 O-O 6. O-O Nbd7 7. Qc2 a5 ({RR} 7... h6 8. Rd1 c6 9. Nbd2 b6 10. e4 Bb7 11. e5 Nh7 12. cxd5 cxd5 13. h4 Rc8 14. Qd3 Nb8 15. Nf1 a5 16. Bd2 Ba6 17. Qb3 b5 18. a3 Nc6 19. Ne3 Qb6 20. Be1 Rc7 21. Bf1 Rfc8 22. Ng4 {0-1 Nepomniachtchi,I (2779)-Tabatabaei,M (2689) Julius Baer Play-In Match 2023 (1.1)}) 8. Bg5 ({RR} 8. b3 a4 9. Ba3 Re8 10. Bxe7 Qxe7 11. Nbd2 axb3 12. axb3 Rxa1 13. Rxa1 e5 14. dxe5 Nxe5 15. cxd5 Nxd5 16. Nxe5 Qxe5 17. Ra5 Qc3 18. Rc5 Qxc2 19. Rxc2 c6 20. Bxd5 cxd5 21. Nf3 Bh3 22. Nd4 Rc8 {1-0 Cheng,B (2583)-Laurent-Paoli,P (2575) TCh-FRA Top 16 Basse 2024 (1.2)}) 8... h6 9. Bxf6 Nxf6 $146 ({RR} 9... Bxf6 10. Nbd2 a4 11. e4 dxe4 12. Nxe4 Be7 13. a3 c6 14. Rad1 Qa5 15. Rfe1 Qf5 16. Qc3 Bd8 17. Nd6 Qf6 18. Qc2 Be7 19. Ne4 Qf5 20. Qe2 b5 21. cxb5 ({RR} 21. d5 cxd5 22. cxd5 exd5 23. Nc3) 21... Qxb5 22. Qxb5 cxb5 23. Nc3 b4 24. Nd5 {½-½ Schildt,R (2045)-Slepuschkin,S (2095) Berlin Eckbauer op 14th 2011 (7.5)}) 10. Rc1 Bd7 11. Ne5 c5 12. cxd5 exd5 13. dxc5 Rc8 14. Qd3 Bxc5 15. Nc3 Be6 16. Rd1 Qd6 17. Nf3 Rfd8 18. e3 Qd7 19. Rac1 Bb4 20. Ne2 Bf5 21. Qb3 Bc5 22. Nc3 Bg4 23. Qb5 Bb4 24. Qxd7 Bxd7 25. Ne2 Ba4 26. b3 Bd7 27. Nf4 g5 28. Nd3 Ba3 29. Rxc8 Bxc8 30. Nd4 Ne4 31. Nb5 Be7 32. Rc1 Bd7 33. Nd4 Rc8 34. Rxc8+ Bxc8 35. Bxe4 dxe4 36. Ne5 Bc5 37. Nc4 b6 38. Nd2 f5 39. g4 fxg4 40. Nxe4 Be7 41. Nc3 Kf7 42. Na4 Bd8 43. Nb2 Bd7 44. Nc4 Bc7 45. e4 b5 46. Ne3 Be5 47. Ndf5 h5 48. Nd5 Be6 49. Nfe3 Bd4 50. Nf5 Bc5 51. Nfe3 a4 52. bxa4 bxa4 53. Nc4 a3 54. Kg2 h4 55. Ne5+ Kg7 56. Nc4 Bd7 57. Ne5 Be6 58. Nc4 Bd7 59. Ne5 Be6 1/2-1/2

[Event "Olympiad Women 2024"]
[Site "Budapest HUN"]
[Date "2024.09.19"]
[Round "8.4"]
[Board "3"]
[White "Batsiashvili, Nino"]
[Black "Radeva, Viktoria"]
[Result "1/2-1/2"]
[WhiteElo "2461"]
[BlackElo "2297"]
[PlyCount "134"]
[EventDate "2024.09.11"]
[WhiteTeam "Georgia"]
[BlackTeam "Bulgaria"]
[WhiteTeamCountry "GEO"]
[BlackTeamCountry "BUL"]

1. d4 Nf6 2. Nf3 e6 3. Bf4 c5 4. e3 cxd4 5. exd4 b6 6. a4 Bb7 ({RR} 6... Be7 7. c3 O-O 8. Na3 d6 9. Bd3 Ba6 10. O-O Bxd3 11. Qxd3 Nd5 12. Bg3 Nd7 13. a5 N7f6 14. h3 a6 15. axb6 Nxb6 16. Nc2 a5 17. Ra2 Qd7 18. Rfa1 a4 19. Nd2 Rfc8 20. Na3 d5 21. Nf3 {0-1 Arya G Mallar (1725)-Krasteva,B (2289) 40th World Junior Girls 2024 (3.10)}) 7. c3 Be7 8. Bd3 a6 9. O-O $146 ({RR} 9. Nbd2 d6 10. Qe2 Nbd7 11. h3 Nf8 12. O-O Ng6 13. Bh2 O-O 14. Ng5 Nd5 15. Bxg6 hxg6 16. Nge4 a5 17. Rfe1 Qd7 18. Qb5 Bc6 19. Qb3 f5 20. Ng3 Bg5 21. Nc4 Bf4 22. Nf1 Bxh2+ 23. Nxh2 Rfb8 {½-½ Korosparti,S (2220)-Feher,G (2230) HUN-chT2 Hungary 1996}) 9... O-O 10. Na3 d6 11. Nc2 Nbd7 12. Re1 Re8 13. h3 Bf8 14. Bh2 h6 15. Nd2 e5 16. Ne3 Qc7 17. Qb3 Qc6 18. Qc4 Nh5 19. Qxc6 Bxc6 20. Nec4 exd4 21. Rxe8 Rxe8 22. cxd4 d5 23. Ne5 Nxe5 24. Bxe5 g5 25. Bxa6 Ra8 26. Be2 Nf4 27. Bxf4 gxf4 28. Bd1 Bb4 29. Nf3 f6 30. Bb3 Ra5 31. Kf1 Bb5+ 32. Kg1 Bc6 33. Bc2 Ra8 34. b3 b5 35. Rb1 bxa4 36. bxa4 Bxa4 37. Bf5 Bc3 38. Be6+ Kf8 39. Bxd5 Rd8 40. Be6 Be8 41. d5 Bh5 42. Nh4 Be5 43. Rc1 Rb8 44. Nf5 f3 45. g3 Bg6 46. Nxh6 Rb2 47. Nf5 Bxf5 48. Bxf5 Bd4 49. Rf1 Ke7 50. Be4 Rb3 51. Rd1 Bc5 52. h4 Kd6 53. h5 Ke5 54. Re1 Bb4 55. Bc2+ Bxe1 56. Bxb3 Bd2 57. Kh2 f5 58. Kh3 Be1 59. h6 Kf6 60. g4 fxg4+ 61. Kxg4 Bxf2 62. Kxf3 Bc5 63. Bc2 Bf8 64. h7 Kg7 65. Kf4 Bd6+ 66. Ke3 Bc5+ 67. Kd3 Bd6 1/2-1/2

[Event "Olympiad Women 2024"]
[Site "Budapest HUN"]
[Date "2024.09.19"]
[Round "8.4"]
[Board "4"]
[White "Krasteva, Beloslava"]
[Black "Khotenashvili, Bella"]
[Result "1/2-1/2"]
[WhiteElo "2295"]
[BlackElo "2432"]
[PlyCount "115"]
[EventDate "2024.09.11"]
[WhiteTeam "Bulgaria"]
[BlackTeam "Georgia"]
[WhiteTeamCountry "BUL"]
[BlackTeamCountry "GEO"]

1. d4 Nf6 2. Bg5 g6 3. Bxf6 exf6 4. e3 d5 5. c4 dxc4 6. Bxc4 Bd6 7. Nc3 c6 8. Qf3 ({RR} 8. Nge2 Nd7 9. a3 Qe7 10. Qc2 Kf8 11. Ba2 Kg7 12. O-O-O f5 13. Kb1 Nf6 14. Nc1 a5 15. Nd3 Be6 16. Bxe6 Qxe6 17. Na4 Nd5 18. Rhe1 Rhe8 19. Re2 Re7 20. Rde1 Rae8 21. g3 Qf6 22. Nc3 Nc7 {1-0 Duda,J (2737)-Grischuk,A (2766) chess.com Speed 3m+1spm 2018 blitz (2.14)}) ({RR} 8. h4 h5 9. Qc2 f5 10. Nge2 Nd7 11. O-O-O Nf6 12. f3 b5 13. Bb3 a5 14. a4 b4 15. Nb1 O-O 16. Nd2 Ba6 17. Rhe1 Rc8 18. Bc4 Qb6 19. Bxa6 Qxa6 20. Nc4 Bb8 21. b3 Rfe8 22. Qd3 Rcd8 {1-0 Barp,A (2431)-Sargissyan,S (2238) Titled Tue 10th Sep Early 2024 (9)}) 8... O-O 9. g4 $146 ({RR} 9. Nge2 Nd7 10. h4 h5 11. Nf4 Nb6 12. Bb3 Bg4 13. Qg3 g5 14. hxg5 fxg5 15. f3 gxf4 16. exf4 Re8+ 17. Kf1 Qg5 18. fxg5 Bxg3 19. fxg4 h4 20. g6 Nd5 21. Nxd5 cxd5 22. Bxd5 Re3 23. Rh3 Rd8 {0-1 Goldenberg,R (2293)-Derieux,C (2202) Cannes op 2000 (7)}) 9... f5 10. gxf5 Bxf5 11. Nge2 Qh4 12. O-O-O Nd7 13. h3 Nb6 14. Bb3 a5 15. Ng3 Bd7 16. Nge4 Be7 17. Nc5 Bc8 18. Rdg1 a4 19. N3xa4 Nxa4 20. Nxa4 Ra5 21. Qg3 Rg5 22. Qxh4 Rxg1+ 23. Rxg1 Bxh4 24. Rg2 g5 25. Rh2 Kg7 26. Nc5 Re8 27. Kd2 f5 28. Nd3 Kf6 29. Ne5 c5 30. Nf3 cxd4 31. Nxd4 Rd8 32. Kc3 Bd7 33. Bd5 b6 34. a3 Be8 35. Bb3 Bh5 36. Bc2 Bg6 37. Nf3 Rc8+ 38. Kd2 Rd8+ 39. Kc3 Rc8+ 40. Kd2 Rd8+ 41. Ke1 Bh5 42. Nxh4 gxh4 43. f4 Rg8 44. Rd2 Rg3 45. Rd6+ Ke7 46. Rxb6 Bg6 47. Kf2 Rxh3 48. Bd1 Rh2+ 49. Kg1 Rh3 50. Kf2 Rh2+ 51. Kg1 Rh3 52. Kg2 Rxe3 53. Rb3 Re4 54. a4 Rd4 55. Re3+ Kf6 56. Bb3 Rd2+ 57. Kh3 Rxb2 58. Kxh4 1/2-1/2

[Event "Olympiad Women 2024"]
[Site "Budapest HUN"]
[Date "2024.09.19"]
[Round "8.5"]
[Board "1"]
[White "Khamdamova, Afruza"]
[Black "Yip, Carissa"]
[Result "0-1"]
[WhiteElo "2313"]
[BlackElo "2386"]
[PlyCount "144"]
[EventDate "2024.09.11"]
[WhiteTeam "Uzbekistan"]
[BlackTeam "United States of America"]
[WhiteTeamCountry "UZB"]

1. e4 d5 2. exd5 Qxd5 3. Nc3 Qd8 4. d4 Nf6 5. Nf3 g6 6. Bc4 Bg7 7. O-O O-O 8. h3 a6 9. a4 b6 10. Re1 Bb7 11. Bf4 e6 12. Qe2 Nc6 13. Rad1 Re8 14. Bb3 $146 ({RR} 14. Bh2 Nb4 15. Bb3 Qd7 16. Ne5 Qe7 17. Nb1 Rad8 18. c3 Nbd5 19. Bc4 Ra8 20. Nd2 Bh6 21. Ndf3 Nf4 22. Qc2 N6h5 23. Bf1 Bg7 24. Re3 Nd5 25. Ree1 Ndf4 26. Re3 Nd5 27. Ree1 {½-½ Korley,K (2430)-Khamrakulov,D (2525) New York Marshall Spring GM 2020 (5)}) 14... Ne7 15. Be5 Nf5 16. Nb1 Ne4 17. Bxg7 Kxg7 18. Nbd2 Nxd2 19. Rxd2 Bxf3 20. Qxf3 c5 21. c3 cxd4 22. cxd4 Qd6 23. Red1 Ra7 24. Bc2 Ne7 25. Qe3 Rd8 26. Qe5+ Kg8 27. Bb3 Rad7 28. Qf6 Rc8 29. Rd3 Nf5 30. Re1 Ne7 31. Red1 Nd5 32. Qe5 Nb4 33. R3d2 Rcd8 34. Qe3 Rc7 35. Qf3 Nd5 36. Qe2 a5 37. Qe5 Nb4 38. Qb5 Rdc8 39. g3 Rc1 40. Qe5 Rxd1+ 41. Rxd1 Rd8 42. Qf6 Nd5 43. Qf3 Qb4 44. Kg2 Kg7 45. Rd3 h5 46. Qe4 b5 47. Qe5+ Kg8 48. axb5 Qxb5 49. Rf3 Qc6 50. g4 h4 51. Bxd5 Rxd5 52. Qf6 Qb7 53. b3 Rd7 54. Kh2 Rxd4 55. Qxd4 Qxf3 56. Qd8+ Kg7 57. Qd4+ Kh7 58. Qa7 Kh6 59. Qb6 e5 60. Qc5 Kh7 61. Qb6 Qf4+ 62. Kg2 Qe4+ 63. Kg1 Qb1+ 64. Kh2 a4 65. Qf6 Qxb3 66. Qxh4+ Kg7 67. Qe7 Qb2 68. Kg2 a3 69. g5 e4 70. h4 a2 71. h5 gxh5 72. g6 Qf6 0-1

[Event "Olympiad Women 2024"]
[Site "Budapest HUN"]
[Date "2024.09.19"]
[Round "8.5"]
[Board "2"]
[White "Krush, Irina"]
[Black "Yakubbaeva, Nilufar"]
[Result "1-0"]
[WhiteElo "2396"]
[BlackElo "2248"]
[PlyCount "59"]
[EventDate "2024.09.11"]
[WhiteTeam "United States of America"]
[BlackTeam "Uzbekistan"]
[BlackTeamCountry "UZB"]

1. Nf3 d5 2. d4 Nf6 3. c4 e6 4. Nc3 c5 5. e3 dxc4 6. Bxc4 a6 7. O-O b5 8. Bd3 Bb7 9. dxc5 Bxc5 10. e4 Nbd7 11. Qe2 O-O ({RR} 11... Qb8 12. h3 O-O 13. Be3 Qa7 14. Bxc5 Qxc5 15. Rac1 Rac8 16. a3 Ne5 17. Nxe5 Qxe5 18. f4 Qd4+ 19. Kh2 e5 20. f5 Rfd8 21. Rfd1 Qb6 22. g4 h6 23. h4 h5 24. gxh5 Kh7 25. Rg1 Ng8 26. Rg3 {0-1 Krush,I (2465)-Fridman,D (2588) ACP Blitz Prelim5 3rd 2004 (3)}) 12. Bf4 Nh5 13. Bd2 Qc7 $146 ({RR} 13... b4 14. Na4 Be7 15. Rac1 Qa5 16. b3 Rad8 17. Be3 Nhf6 18. Nd2 Qe5 19. Nc4 Qb8 20. f3 Nh5 21. Na5 Bd6 22. g3 Ba8 23. f4 Nhf6 24. Nc6 Bxc6 25. Rxc6 e5 26. f5 Rc8 27. Rfc1 Be7 28. Qc2 {½-½ Bagaturov,G (2422)-Nagy,G (2471) Ankara Baskent Univ op 4th 2019 (6)}) 14. e5 g6 15. Be4 Rad8 16. Bxb7 Qxb7 17. Bg5 Rb8 18. Ne4 Rfe8 19. g4 h6 20. Bxh6 Ng7 21. Bg5 Rec8 22. Rad1 Nb6 23. Nf6+ Kf8 24. Bh6 Rd8 25. Ng5 Nc4 26. Ngh7+ Ke7 27. Bxg7 Bd4 28. Bf8+ Rxf8 29. Rxd4 Rfd8 30. Rfd1 1-0

[Event "Olympiad Women 2024"]
[Site "Budapest HUN"]
[Date "2024.09.19"]
[Round "8.5"]
[Board "3"]
[White "Omonova, Umida"]
[Black "Lee, Alice"]
[Result "0-1"]
[WhiteElo "2032"]
[BlackElo "2384"]
[PlyCount "114"]
[EventDate "2024.09.11"]
[WhiteTeam "Uzbekistan"]
[BlackTeam "United States of America"]
[WhiteTeamCountry "UZB"]

1. e4 c5 2. Nf3 Nc6 3. Bb5 e6 4. O-O Nge7 5. Re1 b6 6. c3 a6 7. Be2 d5 8. exd5 Nxd5 9. d4 Nf6 10. Ne5 $146 ({RR} 10. Be3 cxd4 11. Nxd4 Nxd4 12. Qxd4 Bc5 13. Qxd8+ Kxd8 14. Bxc5 bxc5 15. Nd2 Rb8 16. Nb3 Ke7 17. Rab1 Nd7 18. Na5 Rb6 19. Bf3 g5 20. b4 cxb4 21. cxb4 Nf6 22. Nc4 {½-½ Xu,Y (2505)-Harsha,B (2608) II Menorca Open 2023 (4.9)}) ({RR} 10. dxc5 Qxd1 11. Rxd1 Bxc5 12. Nfd2 Bb7 13. a4 Ne5 14. Na3 Rd8 15. b4 Bd6 16. Ndc4 Nxc4 17. Nxc4 Bc7 18. Be3 Nd5 19. Bd4 O-O 20. Bf3 Rb8 21. b5 Rfc8 22. bxa6 Bxa6 23. Bxd5 exd5 24. Ne3 Bd8 {1-0 Antipov,M (2602)-Cordova,E (2531) 17th Philadelphia Int 2024 (7.2)}) 10... Bb7 11. Bf3 Rc8 12. Qe2 Bd6 13. Nxc6 Bxc6 14. Bxc6+ Rxc6 15. Qf3 Rc7 16. dxc5 Bxc5 17. Bg5 Qd5 18. Qxd5 Nxd5 19. Nd2 f6 20. Bh4 Kf7 21. Rad1 Rd8 22. Nf3 Be7 23. Bg3 e5 24. Rd2 Ke8 25. Red1 Rcd7 26. Kf1 b5 27. Ke2 g5 28. Ne1 h5 29. h3 h4 30. Bh2 Kf7 31. Nc2 Ke6 32. Ke1 Bc5 33. Re2 Kf5 34. Red2 Nb6 35. Rxd7 Rxd7 36. Rc1 Na4 37. b4 Bb6 38. Na3 Rc7 39. Nb1 Ke6 40. Bg1 Nb2 41. Ke2 Rd7 42. g3 Nc4 43. gxh4 gxh4 44. Rf1 e4 45. Re1 f5 46. f3 e3 47. Bh2 Rg7 48. Kf1 f4 49. Bxf4 Rf7 50. Bg5 Rxf3+ 51. Ke2 Rxh3 52. Bf4 Ne5 53. Rf1 Ng6 54. Bg5 Rh2+ 55. Kd3 e2 56. Rf6+ Ke5 57. Kd2 Be3+ 0-1